000 00309nam a22001337a 4500
008 170920b xxu||||| |||| 00| 0 eng d
020 _a9780130225658
041 _aeng
080 _24 ED
_a7
100 _a45
101 _aART
245 _aREALITY THROUGH THE ARTS
_cSPORE.D.J
942 _2udc
_cBK
999 _c28608
_d28608